| 000 | 00405nam a2200157 u 4500 | ||
|---|---|---|---|
| 005 | 20210219163814.0 | ||
| 008 | 190314s2004 r 000 0 eng d | ||
| 035 | _aUPN01000229624 | ||
| 049 | _aAV | ||
| 050 | 4 | _aPOR ADQUIRIR | |
| 245 | 0 | 0 | _aJuntos aprendemos |
| 260 |
_aMéxico : _bSEP : _bDGEI, _c200?. |
||
| 300 | _a2 videocasete (VHS) T.II Y T. III | ||
| 905 | _aAudiovisuales | ||
| 999 |
_c201719 _d201719 |
||